Populated Cities in the Countries ending in "stan" - Statistics

General Stats
  • This quiz has been taken 25 times
  • The average score is 4 of 10
Answer Stats
Hint Answer % Correct
Kazakhstan Almaty
100%
Kyrgyzstan Bishkek
70%
Tajikistan Dushanbe
70%
Uzebekistan Tashkent
70%
Pakistan Lahore
61%
Turkmenistan Mary
13%
Uzebekistan Samarkand
13%
Uzbekistan Bukhara
9%
Turkmenistan Ashgbat
4%
Afhghanistan Kondoz
4%
No matching quizzes found
Score Distribution
Percent of People with Each Score
Percentile by Number Answered
Your Score History
You have not taken this quiz